LEADER 01027nam a2200217 i 4500 001 000000158942 003 CaOOAMICUS 005 20070214000000.0 008 070214s2006 it u000 u ita u 013 $a136305 040 $aSeMil$bita 245 10$a[B :$bCorollario Missionario Euntes]. 260 $aTrezzano sul Naviglio (Mi) :$bCentro culturale di Trezzano sul Naviglio,$c2006. 300 $a400 p. :$bricc. ill. ;$c31 cm. 650 4$aMissioni - Cooperazione.$0(OLS)http://semarc/subject/17078 773 0 $t[Alla Ricerca delle Mie ... Radici!].$bEd. f. c.$dTrezzano sul Naviglio (Mi) : Centro culturale di Trezzano sul Naviglio, 2005-2006.$w()17263 850 $aSeMil 852 $aSeMil$W1$xVenegono$y1$m3V VI 129$j110530$B110530$CSeMilBibl$Z2$F120899 $81 961 $aOmaggio: Tettamanzi Card. Dionigi 996 $6245$a[B :$bCorollario Missionario Euntes]$9(OLS)http://semarc/title/140662 996 $6260$aTrezzano sul Naviglio (Mi) :$bCentro culturale di Trezzano sul Naviglio$9(OLS)http://semarc/publisher/34605 LEADER 00720naa a2200145 i 4500 001 000000302746 003 CaOOAMICUS 005 20180831172747.0 008 180831n xx u000 u und u 013 $a10480 040 $aSeMil$bita 100 1 $aAimi, Amos.$0(OLS)http://semarc/name/86902 245 13$aLa chiesa di S. Donnino :$bun capitolo di storia borghigiana. 773 0 $aCentro studi e ricerche sulla antica provincia ecclesiastica ravennate$tAtti del convegno di Fidenza.$dCesena : Badia di Santa Maria del Monte, 1989.$kRavennatensia / Centro studi e ricerche sulla antica provincia ecclesiastica ravennate$w()36485 996 $6245$aLa chiesa di S. Donnino :$bun capitolo di storia borghigiana$9(OLS)http://semarc/title/378714